| Tag |
First Indicator |
Second Indicator |
Subfields |
| LEADER |
00000cam a2200000 a 4500 |
| 001 |
in00000011758 |
| 005 |
20151007051705.0 |
| 008 |
851115s19861979vtua 00110 eng |
| 010 |
|
|
|a 85045605
|
| 020 |
|
|
|a 0882664166 :
|c $20.00
|
| 020 |
|
|
|a 0882664174 (pbk.) :
|c $12.95
|
| 035 |
|
|
|a (OCoLC)12942097
|
| 035 |
|
|
|9 AAA4303AM
|
| 040 |
|
|
|a DLC
|c DLC
|d m/c
|d TXA
|d UtOrBLW
|
| 049 |
|
|
|a TXAM
|c [A12637501]
|
| 050 |
0 |
0 |
|a SB125
|b .H47 1986
|
| 082 |
0 |
|
|a 635.9/1542
|2 19
|
| 100 |
1 |
|
|a Hill, Lewis,
|d 1924-
|
| 245 |
1 |
0 |
|a Pruning simplified /
|c Lewis Hill.
|
| 250 |
|
|
|a Updated ed.
|
| 264 |
|
1 |
|a Pownal, Vt. :
|b Storey Communications,
|c [1986]
|c 1979.
|
| 264 |
|
4 |
|c ©1986
|
| 300 |
|
|
|a xv, 208 pages :
|b illustrations ;
|c 28 cm.
|
| 336 |
|
|
|a text
|b txt
|2 rdacontent
|
| 337 |
|
|
|a unmediated
|b n
|2 rdamedia
|
| 338 |
|
|
|a volume
|b nc
|2 rdacarrier
|
| 500 |
|
|
|a "A Garden Way Publishing book."
|
| 500 |
|
|
|a Includes index.
|
| 650 |
|
0 |
|a Pruning.
|
| 999 |
|
|
|a MARS
|
| 999 |
f |
f |
|s 394b9493-8bb8-37a1-876d-705d87bd3e20
|i 91092376-4a91-3ef2-b59b-d4741682d5e9
|t 0
|
| 952 |
f |
f |
|p ric
|a Texas A&M University
|b Rellis Campus
|c Joint Library Facility
|d Remote Storage
|t 0
|e SB125 .H47 1986
|h Library of Congress classification
|i unmediated -- volume
|m A14812637501
|
| 998 |
f |
f |
|a SB125 .H47 1986
|t 0
|l Remote Storage
|